Countries of the World- 1900 - Statistics

General Stats
  • This quiz has been taken 24 times
    19 since last reset
  • The average score is 43 of 97
Answer Stats
Picture Answer % Correct
Belgium
91%
Bulgaria
91%
Colombia
91%
Ottoman Empire
91%
Argentina
82%
Austria-Hungary
82%
Brazil
82%
Canada
82%
Chile
82%
Costa Rica
82%
Denmark
82%
Haiti
82%
Paraguay
82%
Philippines
82%
Bolivia
73%
Germany
73%
Honduras
73%
Italy
73%
Japan
73%
Korea
73%
Liberia
73%
Luxembourg
73%
Mexico
73%
Netherlands
73%
Romania
73%
Siam
73%
Dominican Republic
64%
Ecuador
64%
France
64%
Greece
64%
Guatemala
64%
Monaco
64%
Muscat and Oman
64%
Nepal
64%
Nicaragua
64%
Norway
64%
Russia
64%
Serbia
64%
Venezuela
64%
Persia
55%
Peru
55%
Portugal
55%
Qing Dynasty
55%
San Marino
55%
Spain
55%
Switzerland
55%
United States
55%
Uruguay
55%
Brunei
45%
Egypt
45%
Ethiopia
45%
Liechtenstein
45%
Sweden
45%
Tonga
45%
United Kingdom
45%
Afghanistan
36%
El Salvador
36%
Swaziland
36%
Andorra
27%
Bali
27%
Congo
27%
Darfur
27%
Johor
27%
Kongo
27%
Montenegro
27%
Morocco
27%
Transvaal
27%
Aceh
18%
Acre
18%
Aro
18%
Ashanti
18%
Dervish
18%
Ha'il
18%
Orange Free State
18%
Sarawak
18%
Sikkim
18%
Ankole
9%
Champasak
9%
Gowa
9%
Kedah
9%
Mbunda
9%
Riyadh
9%
Setul Mambang Ketara
9%
Sokoto
9%
Terengganu
9%
Zanzibar
9%
Aussa
0%
Busoga
0%
Cantonal Republic of Negros
0%
Chokwe
0%
Cruzob
0%
Dhala
0%
Kano
0%
Khiva
0%
Pattani
0%
Perlis
0%
Upper Yafa
0%
No matching quizzes found
Score Distribution
Percent of People with Each Score
Percentile by Number Answered
Your Score History
You have not taken this quiz since the last reset